| 000 | 00709cab a2200193 4500 | ||
|---|---|---|---|
| 001 | ABS39706 | ||
| 008 | 090401t xxu||||| |||| 00| 0 eng d | ||
| 035 | _a(Sirsi) u18458 | ||
| 041 | _aeng | ||
| 245 | _aTunnel full of Eastern promise for travellers | ||
| 350 | _a0 | ||
| 490 |
_aContract Journal _v345(5683) 16-17(2) |
||
| 520 | _aReports on the progress being made by the Japan ese in the construction of the Hong Kong Eastern Harbour Crossing , a tunnel immersed in the harbour which will open up the eastern areas of Kowloon and Hong Kong Island. | ||
| 650 | _aFAST TRACK CONSTRUCTION | ||
| 650 | _aKUMAGAI GUMI | ||
| 690 | _aBUILDING AND CONSTRUCTION-PROJECTS | ||
| 942 | _n0 | ||
| 948 | _c04/03/1997 | ||
| 999 |
_c12271 _d12271 |
||